000 00484nam a2200193 a 4500
001 1755321232565
003 ACL
005 20250816104715.0
008 250816s2001##################000#0#eng##
020 _a9780486417981
082 0 4 _a686.244
_bKAT
100 1 _aKate, Maggie,
_eauthor.
245 1 0 _a2600 Typographic Ornaments and Designs :
260 _bCourier Corporation,
_c2001.
300 _a130 pages
650 0 _aDesign.
942 _cENGLISH
040 _aACL
_beng
_cACL
999 _c582366
_d582366